000 00786nam a2200229 i 4500
001 175641
003 ES-MaACL
005 20250728033739.0
008 101112s1986 sp cfo |||| | spa d
080 _a687.1
100 1 _aPiña, Manuel.
_9143916
245 1 0 _aColección primavera-verano 1986 /
_cManuel Piña ; fotógrafo, Javier Vallhonrat ; [texto], Alejandro Martino.
246 3 _aManuel Piña 86
300 _a1 carpeta ([2] h., [10] h. de lám. fot.) ;
_c31 cm.
597 _aSon 12 h. sueltas guardadas en carpeta de tela azul.
650 0 4 _aModa.
_915119
650 7 _aFotografía de mujeres
_2embne
_9141931
700 1 _aVallhonrat, Javier.
_9143917
700 1 _aMartino, Alejandro.
_9143918
852 _aES-MaACL
_j2286-F-16
999 _c175641
_d175641